WWE Finishers - Statistics

General Stats
  • This quiz has been taken 71 times
  • The average score is 23 of 28
Answer Stats
Hint Answer % Correct
Walls of Jericho Chris Jericho
98%
Cross Rhodes Cody Rhodes
93%
Ankle Lock Kurt Angle
93%
Stone Cold Stunner Stone Cold Steve Austin
93%
Tombstone Undertaker
93%
Attitude Adjustment John Cena
92%
619 Rey Mysterio
92%
Rock Bottom The Rock
92%
F-5 Brock Lesnar
90%
RKO Randy Orton
90%
Sweet Chin Music Shawn Michaels
90%
Pedigree Triple H
90%
Styles Clash AJ Styles
89%
Zig Zag Dolph Ziggler
87%
Curb Stomp Seth Rollins
87%
Figure Four Ric Flair
84%
Sister Abigail Bray Wyatt
80%
Go To Sleep CM Punk
80%
Claymore Drew McIntyre
80%
Trouble in Paradise Kofi Kingston
80%
Razor's Edge Razor Ramon
77%
Atomic Leg Drop Hulk Hogan
72%
Swanton Bomb Jeff Hardy
72%
Pop-Up Powerbomb Kevin Owens
69%
Clothesline From Hell JBL
62%
Figure Eight Charlotte Flair
61%
Bank Statement Sasha Banks
57%
Banzai Drop Yokozuna
46%
No matching quizzes found
Score Distribution
Percent of People with Each Score
Percentile by Number Answered
Your Score History
You have not taken this quiz